| 000 | 00836nam a22001937a 4500 | ||
|---|---|---|---|
| 003 | BD-DhUL | ||
| 005 | 20180528134212.0 | ||
| 008 | 161013s1980 bg |||| |||| 000 0 ben d | ||
| 040 |
_aBD-DhUL _cBD-DhUL |
||
| 082 |
_a891.44308 _bMOM |
||
| 100 | 1 | _aমশারফ হোসেন, মীর। | |
| 245 | 1 | 0 |
_aমশাররফ রচনা সম্ভার : _bখণ্ড ২ / _cমীর মশারফ হোসেন ; সম্পাদনায়, কাজী আবদুল মান্নান। |
| 260 |
_aঢাকা : _bবাংলা একাডেমী, _c১৯৮৪. |
||
| 300 |
_a খ. ; _c২২ সেমি. |
||
| 650 | 4 | _aবাংলা উপন্যাস | |
| 650 | 4 | _aBengali fiction | |
| 700 | 1 |
_aমান্নান, কাজী আবদুল _eসম্পা. |
|
| 942 |
_2ddc _cBK |
||
| 999 |
_c241665 _d241665 |
||